NLSUI OPAC header image

World famous adventures (Record no. 1624)

MARC details
000 -LEADER
fixed length control field 00406nam a2200181Ia 4500
003 - CONTROL NUMBER IDENTIFIER
control field OSt
005 - DATE AND TIME OF LATEST TRANSACTION
control field 20210818163313.0
008 - FIXED-LENGTH DATA ELEMENTS--GENERAL INFORMATION
fixed length control field 160316s1988 xxu||||| |||| 00| 0 eng
040 ## - CATALOGING SOURCE
Transcribing agency n
082 ## - DEWEY DECIMAL CLASSIFICATION NUMBER
Classification number 909.000000
Item number DUB
100 ## - MAIN ENTRY--PERSONAL NAME
Personal name Dubey Abhay Kumar
245 ## - TITLE STATEMENT
Title World famous adventures
260 ## - PUBLICATION, DISTRIBUTION, ETC.
Place of publication, distribution, etc. Delhi
Name of publisher, distributor, etc. Pustak Mahal
Date of publication, distribution, etc. 1988
300 ## - PHYSICAL DESCRIPTION
Extent 120p
365 ## - TRADE PRICE
Price amount Rs.120
700 ## - ADDED ENTRY--PERSONAL NAME
Personal name
--
942 ## - ADDED ENTRY ELEMENTS (KOHA)
Source of classification or shelving scheme Dewey Decimal Classification
Koha item type BOOKs
Holdings
Withdrawn status Lost status Damaged status Not for loan Home library Current library Shelving location Date acquired Cost, normal purchase price Total Checkouts Full call number Barcode Date last seen Price effective from Koha item type
        . . Library Compactors 30.05.2017 120.00   909 DUB 1658 30.05.2017 30.05.2017 BOOKs